书目信息 |
| 题名: |
小方壶斋舆地丛钞
|
|
| 作者: | 王锡祺 辑 | |
| 分册: | 一 | |
| 出版信息: | 杭州 杭州古籍书店 1985.11 |
|
| 页数: | 1册 | |
| 开本: | 26cm | |
| 丛书名: | ||
| 单 册: | ||
| 中图分类: | Z122.4 , K928.649 , K29 | |
| 科图分类: | ||
| 主题词: | 历史地理--中国--清代--丛书 , 中国--地方史 , 中国--地方志 | |
| 电子资源: | ||
| ISBN: | ||
| 000 | 00910nam2 2200301 45 | |
| 001 | 0193027848 | |
| 005 | 20061118090217.62 | |
| 010 | @b精装@dCNY8.00 | |
| 100 | @a19800101d1985 kemy0chiy0121 ea | |
| 101 | 0 | @achi |
| 102 | @aCN@b330000 | |
| 105 | @ay z 000yy | |
| 200 | 10 | @a小方壶斋舆地丛钞@h一@AXIAO FANG HU ZHAI YU DI CONG CHAO@f(清)王锡祺辑@F( QING ) WANG XI QI JI |
| 205 | @b影印本 | |
| 210 | @a杭州@c杭州古籍书店@d1985.11 | |
| 215 | @a1册@d26cm | |
| 305 | @a据清光绪十七、二十、二十三年上海著易堂印本影印 | |
| 410 | 0 | @120010@a西北稀见丛书文献 |
| 540 | 1 | @a小方壶斋 舆地 丛钞@AXIAO FANG HU ZHAI YU DI CONG CHAO |
| 606 | @a历史地理@y中国@z清代@x丛书 | |
| 606 | 0 | @a中国@x地方史 |
| 606 | 0 | @a中国@x地方志 |
| 690 | @aZ122.4@v三版 | |
| 690 | @aK928.649@v三版 | |
| 690 | @aK29@v3 | |
| 701 | 0 | @a王锡祺@AWANG XI QI@4辑 |
| 801 | 0 | @aCN@bTSSF@c20061118 |
| 905 | @a10447@dK29@e63:1 | |
| 小方壶斋舆地丛钞.一/(清)王锡祺辑.-影印本.-杭州:杭州古籍书店,1985.11 |
| 1册;26cm |
| ISBN (精装):CNY8.00 |
| ● |
| 相关链接 |
|
|
|
|
正题名:小方壶斋舆地丛钞
索取号:K29/63:1
 
预约/预借
| 序号 | 登录号 | 条形码 | 馆藏地/架位号 | 状态 | 备注 |
| 1 | 0155432 | 202084369 | 第二样本阅览室/ [索取号:K29/63:1] | 在馆 |